000 004430000a22001810004500
003 MACL
005 20150919160507.0
008 150919b xxu||||| |||| 00| 0 eng d
040 _aMACL
_cMACL
041 _aEnglish
082 _a891/JOS
100 _aJoshi, R B
_98881
245 _aH N Apte
_bMakers of Indian Literature
260 _bSahiya Akademi
_c1978
_aBombay
350 _a2.50
650 _aliterature
_912137
942 _cBK
_k891
_2ddc
999 _c5157
_d5157